5 Rarest Rocket League Items - Statistics

General Stats
  • This quiz has been taken 181 times
  • The average score is 2 of 5
Answer Stats
Items % Correct
White Hat
92%
Gold Nugget
44%
Gold Rush
44%
Goldstone
38%
Gold Cap
28%
No matching quizzes found
Score Distribution
Percent of People with Each Score
Percentile by Number Answered
Your Score History
You have not taken this quiz